|
|
|
|
| LEADER |
01222cas a2200325 u 4500 |
| 001 |
10074639 |
| 003 |
upatras |
| 005 |
20160424233339.0 |
| 008 |
090520t20049999 z eng |
| 022 |
|
|
|a 1534-5815
|
| 040 |
|
|
|a GR-PaULI
|c GR-PaULI
|
| 041 |
0 |
|
|a eng
|
| 050 |
|
4 |
|a DA900
|b .N38
|
| 082 |
1 |
4 |
|a 941
|2 13
|
| 240 |
1 |
0 |
|a New hibernia review (Online)
|
| 245 |
1 |
0 |
|a New hibernia review
|h [electronic resource]
|b Iris eΜireannach nua
|
| 246 |
1 |
1 |
|a Iris eΜireannach nua
|
| 260 |
|
|
|a St. Paul, MN
|b Center for Irish Studies, University of St. Thomas
|
| 310 |
|
|
|a Τριμηνιαίο
|
| 362 |
0 |
|
|a Vol. 5, no. 1 (spring 2004)-
|
| 500 |
|
|
|a "A quarterly record of Irish studies."
|
| 500 |
|
|
|a Title from journal home page (Project Muse, viewed December 17, 2007)
|
| 500 |
|
|
|a Latest issue consulted: Vol. 11, no. 3 (fomhar/autumn 2007) (viewed Dec. 17, 2007)
|
| 651 |
|
4 |
|a Ireland
|x Civilization
|9 23798
|
| 710 |
2 |
|
|a University of St. Thomas (Saint Paul, Minn.)
|e Center for Irish Studies
|9 24000
|
| 710 |
2 |
|
|a Project Muse
|9 23529
|
| 856 |
4 |
0 |
|u http://muse.jhu.edu/journals/nhr
|
| 942 |
|
|
|2 ddc
|s 1
|c JNL
|
| 952 |
|
|
|0 0
|1 0
|4 0
|7 0
|9 20456
|c SER
|d 2016-04-24
|l 0
|r 2016-04-24 00:00:00
|w 2016-04-24
|y JNL
|
| 999 |
|
|
|c 11817
|d 11817
|